Language Quiz

Random Language or Latin Quiz

Latin 4-Conjugations Quiz Stats

Quiz not verified by Sporcle

Challenge
Share
Tweet
Embed
Score 0/21 Timer 10:00
0 Plays Today
Hint Answer % Correct
1st Conjugation, 1st principal partO
100%
1st Conjugation, Thematic VowelA
85.3%
2nd Conjugation, Thematic VowelE
85.3%
1st Conjugation, 2nd principal partAre
82.4%
2nd Conjugation, 1st principal partEo
82.4%
2nd Conjugation, 2nd principal part Ere
82.4%
3rd Conjugation, 1st principal partO
82.4%
3rd Conjugation, 2nd principal partEre
82.4%
3rd-io Conjugation, 1st principal partIo
82.4%
3rd-io Conjugation, 2nd principal partEre
82.4%
4th Conjugation, 1st principal partIo
82.4%
Hint Answer % Correct
4th Conjugation, 2nd principal partIre
82.4%
3rd Conjugation, Thematic VowelE I
76.5%
(3rd, 4th, & 3rd-io) Future Tense, 1st SG-ia-
76.5%
(3rd, 4th, & 3rd-io) Future Tense, 2nd SG-ie-
76.5%
(3rd, 4th, & 3rd-io) Future Tense, 3rd SG-ie-
76.5%
(3rd, 4th, & 3rd-io) Future Tense, 1st PL-ie-
76.5%
(3rd, 4th, & 3rd-io) Future Tense, 2nd PL-ie-
76.5%
(3rd, 4th, & 3rd-io) Future Tense, 3rd PL-ie-
76.5%
3rd-io Conjugation, Thematic VowelIe e
67.6%
4th Conjugation, Thematic VowelI ie
67.6%

You're not logged in!

Compare scores with friends on all Sporcle quizzes.
Sign Up with Email
OR
Log In

You Might Also Like...

Show Comments

Extras

Top Quizzes Today


Score Distribution

Your Account Isn't Verified!

In order to create a playlist on Sporcle, you need to verify the email address you used during registration. Go to your Sporcle Settings to finish the process.